Compendio de psicología infantil
সংরক্ষণ করুন:
| প্রধান লেখক: | |
|---|---|
| বিন্যাস: | গ্রন্থ |
| ভাষা: | স্প্যানিশ |
| প্রকাশিত: |
Kapelusz.
1960.
|
| সংস্করন: | 3ª ed. |
| বিষয়গুলি: | |
| ট্যাগগুলো: |
ট্যাগ যুক্ত করুন
কোনো ট্যাগ নেই, প্রথমজন হিসাবে ট্যাগ করুন!
|
MARC
| LEADER | 00000nam a22000005a 4500 | ||
|---|---|---|---|
| 001 | 841 | ||
| 003 | CL-ChBUA | ||
| 005 | 20120815102715.0 | ||
| 008 | 070301s1960 ag 000 0 spa | ||
| 040 | |a CL-ChBUA |c CL-ChBUA | ||
| 082 | 0 | 0 | |a 155.4 |
| 090 | |c 841 |d 841 | ||
| 100 | 1 | |a Collin, G. | |
| 245 | 1 | 0 | |a Compendio de psicología infantil |
| 250 | |a 3ª ed. | ||
| 260 | |b Kapelusz. |c 1960. | ||
| 300 | |a xv, 277 p. |c 18 cm. | ||
| 650 | 4 | |a PSICOLOGIA INFANTIL. | |
| 650 | 4 | |a PSICOLOGIA DEL NIÑO. | |
| 942 | |c LIB | ||
| 952 | |0 0 |1 0 |4 0 |7 0 |9 1118 |a UNACH |b UNACH |c 100 |d 2007-03-05 |i 9.027. |l 1 |m 2 |o 155.4 / C 699. |p 2117 |r 2018-04-17 00:00:00 |s 2018-04-11 |u 1118 |w 2012-08-08 |y LIB |k 155.4 / C 699. | ||
| 999 | |c 841 |d 841 | ||